000 00247nam a2200085Ia 4500
245 0 _aBright book of answers : earth and universe
100 _a KOTHE, Rainer New Delhi, 2009
_991384
942 _cBK
008 210818s9999 xx 000 0 und d
999 _c434071
_d434069